تاثير الليكود فى تسوية الصراع العربى الاسرائيلى : (Record no. 9521)

MARC details
000 -LEADER
fixed length control field 012620000a22002770004500
003 - CONTROL NUMBER IDENTIFIER
control field EG-GICUC
005 - DATE AND TIME OF LATEST TRANSACTION
control field 20250223025258.0
008 - FIXED-LENGTH DATA ELEMENTS--GENERAL INFORMATION
fixed length control field 080520s2006 ua f m 000 0 ara d
040 ## - CATALOGING SOURCE
Original cataloging agency EG-GICUC
Language of cataloging ara
Transcribing agency EG-GICUC
041 0# - LANGUAGE CODE
Language code of text/sound track or separate title ara
049 ## - LOCAL HOLDINGS (OCLC)
Holding library اهداء
097 ## - Thesis Degree
Thesis Level ماجستير
099 ## - LOCAL FREE-TEXT CALL NUMBER (OCLC)
Classification number Cai01.05.07.M.Sc.2006.نج.ت
100 0# - MAIN ENTRY--PERSONAL NAME
Personal name نجلاء السيد علود
245 10 - TITLE STATEMENT
Title تاثير الليكود فى تسوية الصراع العربى الاسرائيلى :
Remainder of title دراسة فى حقبة نتنياهو /
Statement of responsibility, etc. نجلاء السيد علود ؛ اشراف احمد امين عامر : محمد عبدالنعيم
246 15 - VARYING FORM OF TITLE
Title proper/short title The impact of likud in settlement of the Arab Israeli conflict :
Remainder of title Astudy in the period of "Nitanyahu"
260 ## - PUBLICATION, DISTRIBUTION, ETC.
Place of publication, distribution, etc. بورسعيد :
Name of publisher, distributor, etc. نجلاء السيد علود :
Date of publication, distribution, etc. 2006
300 ## - PHYSICAL DESCRIPTION
Extent 193 ص ؛
Dimensions 25سم
502 ## - DISSERTATION NOTE
Dissertation note اطروحة (ماجستير) - جامعة قناة السويس - كلية التجارة ببور سعيد - قسم العلوم السياسية
700 0# - ADDED ENTRY--PERSONAL NAME
Personal name احمد امين عامر :
Relator term
700 0# - ADDED ENTRY--PERSONAL NAME
Personal name محمد عبدالنعيم :
Relator term
856 ## - ELECTRONIC LOCATION AND ACCESS
Uniform Resource Identifier <a href="http://172.23.153.220/th.pdf">http://172.23.153.220/th.pdf</a>
905 ## - LOCAL DATA ELEMENT E, LDE (RLIN)
Cataloger Nazla
Reviser Revisor
905 ## - LOCAL DATA ELEMENT E, LDE (RLIN)
Cataloger Soheir
Reviser Cataloger
942 ## - ADDED ENTRY ELEMENTS (KOHA)
Source of classification or shelving scheme Dewey Decimal Classification
Koha item type Thesis
Holdings
Source of classification or shelving scheme Not for loan Home library Current library Date acquired Full call number Barcode Date last seen Koha item type
Dewey Decimal Classification   المكتبة المركزبة الجديدة - جامعة القاهرة قاعة الرسائل الجامعية - الدور الاول 11.02.2024 Cai01.05.07.M.Sc.2006.نج.ت 01010100013205000 22.09.2023 Thesis
Cairo University Libraries Portal Implemented & Customized by: Eng. M. Mohamady Contacts: new-lib@cl.cu.edu.eg | cnul@cl.cu.edu.eg
CUCL logo CNUL logo
© All rights reserved — Cairo University Libraries
CUCL logo
Implemented & Customized by: Eng. M. Mohamady Contact: new-lib@cl.cu.edu.eg © All rights reserved — New Central Library
CNUL logo
Implemented & Customized by: Eng. M. Mohamady Contact: cnul@cl.cu.edu.eg © All rights reserved — Cairo National University Library